Multiple Choice City Quiz – Cape Town - Statistics

General Stats
  • This quiz has been taken 410 times
  • The average score is 6 of 10
Answer Stats
Question Answer % Correct
What mountain overlooks Cape Town? Table Mountain
89%
Which nearby island was Nelson Mandela imprisoned in for 18 years? Robben Island
83%
Which of these pictures depicts Cape Town?
81%
Boulders Beach near Cape Town is a popular tourist spot for what reason? It has a colony of African penguins
66%
In 2021 Cape Town experienced a violent turf war between rival _____? Taxi associations
57%
What are people from Cape Town called? Capetonians
52%
What is the most common first language in Cape Town? (2011 census) Afrikaans
44%
Cape Town is just one of five Antarctic gateway cities; which of these cities AREN'T in that group? Launceston
40%
South Africa has 3 capitals; which one is Cape Town? Legislative
36%
Who gave the Cape of Good Hope its name? John II of Portugal
11%
No matching quizzes found
Score Distribution
Percent of People with Each Score
Percentile by Number Answered
Your Score History
You have not taken this quiz